000 01144nam a2200349 i 4500
003 EG-GICUC
005 20260513124226.0
008 260513m19961982fr a|||fr|||| 00| 0 fre d
020 _a2130477690
020 _a97821304776
040 _aEG-GiCUC
_bfre
_cEG-GiCUC
_dEG-GiCUC
_eRda
041 _afre
082 0 4 _221
_a345.3232
_bME . D
092 0 4 _221
099 _aLaw1 07 345.3232 ME . D 2ed - 1996 0705096 C1
100 1 _aMescheriakoff , Alain-serge
_eAuteur
245 1 0 _aDroit Public Économique /
_cPar Alain-serge Mescheriakoff.
250 _a2 Édition ;
_bRevue Et Augmentée
264 1 _aParis :
_bPresses Universitaires De France ,
_c1996.
300 _a293 page :
_billustration ;
_c24 cm.
336 _2rda contenu
_a texte
337 _2rda medias
_aOrdinateur
338 _2 transporteur rda
_a Ressource en ligne
490 0 _3Droit Administratif.
546 _aTexte en français
650 1 4 _aDroit administratif
_2qrmak
650 1 4 _aDroit économique général
_2qrmak
651 1 _2qrmak
856 4 0 _uhttps://fll.law.cu.edu.eg/fulltext/bks/B07-05096.pdf
905 _a164
942 _2ddc
_cBK
_e21
_n0
999 _c76736
_d76736